书目信息 |
| 题名: |
针织物组织与产品设计
|
|
| 作者: | 宋广礼 , 蒋高明 主编 | |
| 分册: | ||
| 出版信息: | 北京 中国纺织出版社 2008 |
|
| 页数: | 339页 | |
| 开本: | 26cm | |
| 丛书名: | ||
| 单 册: | ||
| 中图分类: | TS184.1 | |
| 科图分类: | ||
| 主题词: | 针织物--织物组织--高等学校--教材 , 针织物 , 织物组织 | |
| 电子资源: | ||
| ISBN: | 978-7-5064-5247-2 | |
| 000 | 01099nam0 2200301 450 | |
| 001 | 012015000340 | |
| 005 | 20150911084150.50 | |
| 010 | @a978-7-5064-5247-2@dCNY42.00 | |
| 100 | @a20150620d2008 em y0chiy50 ea | |
| 101 | 0 | @achi |
| 102 | @aCN@b110000 | |
| 105 | @aa z 000yy | |
| 106 | @ar | |
| 200 | 1 | @a针织物组织与产品设计@Azhen zhi wu zu zhi yu chan pin she ji@f宋广礼,蒋高明主编 |
| 205 | @a2版 | |
| 210 | @a北京@c中国纺织出版社@d2008 | |
| 215 | @a339页@c图@d26cm@e1光盘 | |
| 300 | @a普通高等教育“十一五”国家级规划教材(本科) | |
| 307 | @a附光盘:ISBN 978-7-900208-83-5 | |
| 330 | @a本书系统地介绍了针织物各种基本组织与花色组织的结构、性能、编织工艺和产品设计方法,包括纬编的圆机产品、横机产品和袜机产品以及经编产品:内容涉及织物分析、原料选择、工艺参数设计、产品结构设计和上机工艺等。 | |
| 606 | 0 | @a针织物@x织物组织@x高等学校@j教材 |
| 606 | 0 | @a针织物 |
| 606 | 0 | @a织物组织 |
| 690 | @aTS184.1@v5 | |
| 701 | 0 | @a宋广礼@Asong guang li@c(纺织技术)@4主编 |
| 701 | 0 | @a蒋高明@Ajiang gao ming@4主编 |
| 801 | 0 | @aCN@b碧洲教育@c20150716 |
| 905 | @a10447@f4@dTS184.1@e7=2 | |
| 针织物组织与产品设计/宋广礼,蒋高明主编.-2版.-北京:中国纺织出版社,2008 |
| 339页:图;26cm+1光盘 |
| 普通高等教育“十一五”国家级规划教材(本科) |
| ISBN 978-7-5064-5247-2:CNY42.00 |
| 本书系统地介绍了针织物各种基本组织与花色组织的结构、性能、编织工艺和产品设计方法,包括纬编的圆机产品、横机产品和袜机产品以及经编产品:内容涉及织物分析、原料选择、工艺参数设计、产品结构设计和上机工艺等。 |
| ● |
| 相关链接 |
|
|
|
|
正题名:针织物组织与产品设计
索取号:TS184.1/7=2
 
预约/预借
| 序号 | 登录号 | 条形码 | 馆藏地/架位号 | 状态 | 备注 |
| 1 | 0849683 | 208496830 | 第二样本阅览室/ [索取号:TS184.1/7=2] | 在馆 | |
| 2 | 0849684 | 208496849 | 第三借阅区/ [索取号:TS184.1/7=2] | 在馆 | |
| 3 | 0849685 | 208496858 | 第三借阅区/ [索取号:TS184.1/7=2] | 在馆 | |
| 4 | 0849686 | 208496867 | 密集书库-生命科学系/ [索取号:TS184.1/7=2] | 在馆 |